000 00346nam a22001457a 4500
008 210429b ||||| |||| 00| 0 eng d
020 _a2900176532160
041 _aeng
080 _26th
_a338
082 _a338
100 _a53
101 _aMEN
245 _aManagement of Occupational Health and Safety
_cE. Kevin Kelloway
942 _2udc
_cBK
999 _c57031
_d57031